000 00408nam a2200145Ia 4500
005 20251222154400.0
008 251222s9999||||xx |||||||||||||| ||spa||
020 _a8436913272
082 _a615.9/M61
100 _aMendoza Berjano, Ramón
245 0 _aLa Educación sobre las Drogas en el Ciclo Superior de la E.G.B.:
250 _a1ra.ed.
264 _bMinisterio de Educación y Ciencia
942 _cLIB
999 _c35257
_d35257